Instituciones económicas /

Estudio de antropología económica que analiza los modos de producción, los factores que dan lugar al surgimiento de las estructuras económicas y los efectos en la organización y desarrollo de las sociedades.

محفوظ في:
التفاصيل البيبلوغرافية
المؤلف الرئيسي: Godelier, Maurice (autor)
التنسيق: كتاب
اللغة:الإسبانية
منشور في: Barcelona, España : Anagrama, 1981, c1981
سلاسل:(Panorama de la Antropología Cultural Contemporánea ; 4)
الموضوعات:
الوسوم: إضافة وسم
لا توجد وسوم, كن أول من يضع وسما على هذه التسجيلة!

MARC

LEADER 00000nam^a2200000^a^4500
001 000321210
005 20250521000000.0
009 20260310113534.446
020 |a 84-339-0504-X 
037 |a Acervo Xavier Clavigero 
041 |a ESP 
082 |a 306. 3  |b GOD 
100 |a Godelier, Maurice  |e (autor) 
245 1 0 |a Instituciones económicas /  |c M. Godelier. 
264 4 |a Barcelona, España :  |b Anagrama,  |c 1981, c1981 
300 |a 121 p. 
336 |a texto  |b txt  |2 rdacontenido 
337 |a sin mediación  |b n  |2 rdamedio 
338 |a volumen  |b nc  |2 rdasoporte 
440 1 |a (Panorama de la Antropología Cultural Contemporánea ;  |v 4) 
500 |a Traducción de: Economic Institutions in People in Culture. A Survey of Cultural Anthropology 
520 |a Estudio de antropología económica que analiza los modos de producción, los factores que dan lugar al surgimiento de las estructuras económicas y los efectos en la organización y desarrollo de las sociedades. 
649 |a XX 
650 |a Proceso de Producción 
650 |a Consumo 
650 |a Producción Económica 
650 |a Instituciones Económicas 
650 |a Antropología Cultural 
650 |a Sociología de la Economía 
910 |a Fondo General 
920 |a Impresos - Libros 
930 |a Colección General 
905 |a 101 
901 |a 0500208499  |b IT1  |c ACC  |u 20250521 
902 |a https://opac.biblio.iteso.mx/vufind/Record/000321210